000 00786nam a2200253 a 4500
001 24764
003 BD-RjUL
005 20211209001109.0
008 140315s1954 enkb b 001 0 eng d
035 _a(BD-RjUL)24833
040 _cCIN
_dm.c
_dEUX
_dBD-RjUL
_aCIN
_beng
041 _aeng
082 _a940.22
_bOGE 1954
100 1 _aOgg, David,
_d1887-1965.
_974386
245 1 0 _aEurope in the seventeenth century /
_cDavid Ogg.
250 _a6th ed., rev.
260 _aLondon :
_bA. and C. Black,
_c1954.
300 _aviii, 576 p. :
_bill., fold. maps ;
_c23 cm.
490 1 _aHistory of Europe
504 _aBibliography : p.553-561 and index.
651 0 _aEurope
_xHistory
_y17th century.
_945540
830 0 _aHistory of Europe (A. & C. Black (Firm))
_976234
942 _2ddc
_cBK
999 _c24764
_d24764